| 000 | 00539nam a2200181Ia 4500 | ||
|---|---|---|---|
| 001 | 4161 | ||
| 005 | 20260306145735.0 | ||
| 008 | 260306t2012||||xx |||||||||||||| ||spa|| | ||
| 041 | _aESP | ||
| 082 |
_a307.2 _bC75 |
||
| 100 |
_aFederación Internacional de Universidades Católicas _eAUT |
||
| 245 | 0 |
_aColoquio internacional Asia - América Latina: _bcomprender los desplazamientos de población. Miradas plurales desde la universidad |
|
| 260 | _c2012 | ||
| 300 |
_a _c |
||
| 650 | _aGEN | ||
| 654 | _aCAU | ||
| 942 |
_cLIB _dJUS _fJUS _2ddc _n |
||
| 999 |
_c4161 _d4161 |
||